00323cam a22001097a 4500008004000000082002000040245007200060260002800132300001000160650002400170700001900194180718b1996 xxu||||| |||| 00| 0 eng d aA99 P272/C455/7 aCollected works of Sardar Valabhbhai Patelcedited by Prabha Chopra aNew DelhibKonarkc1996 a324p. aPatel, Vallabhabhai aChopra, Prabha